Las profesiones universitarias

Guardat en:
Dades bibliogràfiques
Autor principal: Derbez, Jorge (Autor)
Format: Llibre
Idioma:espanyol
Publicat: Ciudad de México Universidad Nacional Autónoma de México 1960
Edició:3a. ed
Matèries:
Etiquetes: Afegir etiqueta
Sense etiquetes, Sigues el primer a etiquetar aquest registre!

MARC

LEADER 00000nam a2200000 a 4500
001 UCU0076
003 CL-VaPUC
008 960315e19600000MX |||||||||||||||||spa|d
082 0 4 |a 305.553  |b DER  |2 21 
100 0 |a Derbez, Jorge  |e author  |9 355054 
245 1 4 |a Las profesiones universitarias 
250 |a 3a. ed 
300 |a 182 p 
942 |c BK 
945 |d 19960315 00:00:00  |a lriquelm 
260 |a Ciudad de México  |b Universidad Nacional Autónoma de México  |c 1960 
600 0 7 |a UNIVERSIDAD AUTONOMA DE MEXICO  |2 CL-VaPUC  |9 355055 
650 7 |a PROFESIONES  |2 CL-VaPUC  |9 308231 
650 7 |a OCUPACIONES PROFESIONALES  |2 CL-VaPUC  |9 348066 
650 0 |a Universidades  |9 256317 
651 0 |a México  |9 255269 
583 |a last modification  |c 19960315 00:00:00  |k Rodrigo Vera 
999 |c 245023  |d 245021 
952 |0 0  |1 0  |4 0  |6 305_553000000000000_DER_1960  |7 0  |8 P  |9 259355  |a BIBEDU  |b BIBEDU  |c BIBEDU_PB  |d 2019-11-19  |i 1631357  |o 305.553 DER 1960  |p 1631357  |r 2024-01-25  |w 2019-11-19  |y BK  |k EDU